000 00694nam a2200205Ii 4500
003 JO-AjNU
008 230605s9999||||xx |||||||||||||| ||und||
040 _aJO-AjNU
_bara
_erda
_cJO-AjNU
041 _aara
050 1 4 _aGV1073.M87 1988
100 3 _aتاليف درويش، زكي... واخرون,
_eauthor
_937826
245 0 0 _aمسابقات الميدان والمضمار والعاب القوى
250 _aط3
264 3 1 _aمصر: دار المعارف، 1988
300 _a268ص
_bصور توضبحية
336 _atext
_btxt
_2rdacontent
337 _aunmediated
_bn
_2rdamedia
338 _avolume
_bnc
_2rdacarrier
650 4 _aالعاب القوى- الرياضة
_937827
999 _aA15841
_c19409
_d19409